[Event "Dortmund Sparkassen op-B"]
[Site "Dortmund"]
[Date "2013.07.30"]
[Round "4"]
[White "Matrisch, Gerd"]
[Black "Bollkaemper, Philipp"]
[Result "1-0"]
[WhiteElo "1913"]
[BlackElo "1551"]
[PlyCount "47"]
[EventDate "2013.07.27"]
[EventType "swiss"]
[EventRounds "9"]
[EventCountry "GER"]
[SourceTitle "EXT 2022"]
[Source "ChessBase"]
[SourceDate "2021.10.06"]
[SourceVersion "1"]
[SourceVersionDate "2021.10.06"]
[SourceQuality "1"]

1. d4 Nf6 2. Nf3 g6 3. Nc3 d5 4. Bf4 Bg7 5. e3 0-0 6. Bd3 b6 7. 0-0 c5 8. Nb5 Na6 9. b3 Re8 10. h3 Bb7 11. Qe2 Nd7 12. Nd6 c4 13. Nxb7 cxd3 14. Qxd3 Nb4 15. Qb5 Qc8 16. Qxb4 Qxb7 17. c4 Rac8 18. Rac1 Bf8 19. Qd2 Nf6 20. cxd5 Qxd5 21. Rxc8 Rxc8 22. Rc1 Ne4 23. Rxc8 Nxd2 24. Bh6 1-0

[Event "Lippe Cup-C 08th"]
[Site "Lieme"]
[Date "2011.10.30"]
[Round "5"]
[White "Bollkaemper, Philipp"]
[Black "Rathmann, Martha"]
[Result "0-1"]
[WhiteElo "1372"]
[BlackElo "1191"]
[PlyCount "46"]
[EventDate "2011.10.28"]
[EventType "swiss"]
[EventRounds "5"]
[EventCountry "GER"]
[SourceTitle "EXT 2012"]
[Source "ChessBase"]
[SourceDate "2011.11.24"]
[SourceVersion "1"]
[SourceVersionDate "2011.11.24"]
[SourceQuality "1"]

1. e4 e6 2. d4 d5 3. Nc3 Nf6 4. e5 Nfd7 5. Bd3 c5 6. b3 cxd4 7. Nce2 Nxe5 8. Nxd4 Bb4+ 9. Kf1 Bc3 10. Bb5+ Bd7 11. Bxd7+ Nbxd7 12. Rb1 Qb6 13. Be3 Qa6+ 14. Nde2 0-0 15. a4 Rac8 16. h3 f5 17. f4 Nc6 18. Kf2 Nf6 19. Nxc3 Rfd8 20. Nf3 d4 21. Nxd4 Nxd4 22. Bxd4 Rxc3 23. Qd2 Ne4+ 0-1

[Event "Lippe Cup-C 08th"]
[Site "Lieme"]
[Date "2011.10.29"]
[Round "2"]
[White "Klatt, Dieter"]
[Black "Bollkaemper, Philipp"]
[Result "0-1"]
[WhiteElo "1241"]
[BlackElo "1372"]
[PlyCount "162"]
[EventDate "2011.10.28"]
[EventType "swiss"]
[EventRounds "5"]
[EventCountry "GER"]
[SourceTitle "EXT 2012"]
[Source "ChessBase"]
[SourceDate "2011.11.24"]
[SourceVersion "1"]
[SourceVersionDate "2011.11.24"]
[SourceQuality "1"]

1. f4 Nf6 2. Nf3 d5 3. d4 Bf5 4. e3 e6 5. Nbd2 Nbd7 6. c4 c5 7. Qb3 Qc7 8. Ne5 cxd4 9. exd4 dxc4 10. Bxc4 Bd6 11. Ndf3 0-0 12. Nxd7 Nxd7 13. Ne5 Nb6 14. Be2 Bc2 15. Qf3 Nd5 16. g3 Rac8 17. 0-0 Qb6 18. Qf2 Rc7 19. Nc4 Qc6 20. Nxd6 Qxd6 21. Bf3 Rfc8 22. Bd2 Bd3 23. Rfc1 Rc2 24. Bxd5 Qxd5 25. Rxc2 Rxc2 26. Rc1 Rxc1+ 27. Bxc1 Qxa2 28. Qd2 Qc4 29. Qe3 a5 30. Bd2 a4 31. Qe5 Qc8 32. Bc3 h6 33. d5 Qc5+ 34. Kg2 Qxd5+ 35. Qxd5 exd5 36. Kf2 g6 37. Ke3 Bc4 38. h4 h5 39. Kd4 Kf8 40. Ke5 Ke7 41. Bb4+ Ke8 42. f5 gxf5 43. Kxf5 d4 44. Ke4 d3 45. Kd4 b5 46. Ke5 Kd7 47. Kd4 Ke6 48. Bd2 Kf5 49. Ke3 Ke5 50. Bc3+ Kd5 51. Bb4 Ke5 52. Bd2 Kf5 53. Bc3 Kg4 54. Kf2 Bd5 55. Bd2 Kf5 56. Ke3 Be4 57. Bc3 f6 58. Kd2 Kg4 59. Bxf6 Kxg3 60. Kc3 Kf3 61. Kd2 b4 62. Be7 Kg4 63. Ke3 a3 64. bxa3 bxa3 65. Bxa3 Kxh4 66. Bb4 Bg6 67. Kf2 Kg4 68. Bd2 h4 69. Kg2 Be4+ 70. Kh2 h3 71. Bc1 Bg2 72. Bd2 Kf3 73. Kg1 Ke2 74. Bf4 d2 75. Bxd2 Kxd2 76. Kf2 Kd3 77. Kg3 Ke4 78. Kh2 Kf4 79. Kg1 Kg4 80. Kh2 Bc6 81. Kg1 Kg3 0-1